[Event "Titled Tuesday intern op 07th Jan Early"]
[Site "Chess.com INT"]
[Date "2025.01.07"]
[Round "7"]
[White "Bueno, Alfeu Varela Jr"]
[Black "Monteiro, Luis Felipe Furtado"]
[Result "1-0"]
[WhiteElo "2152"]
[BlackElo "1942"]
[PlyCount "73"]
[EventDate "2025.01.07"]
[EventType "swiss (blitz)"]
[EventRounds "11"]
[EventCountry "USA"]
[SourceTitle "CB03_2025"]
[SourceDate "2025.01.15"]
[SourceVersion "1"]
[SourceVersionDate "2025.01.15"]
[SourceQuality "1"]

1. e4 e5 2. Nf3 Nc6 3. Bc4 Bc5 4. c3 Nf6 5. d4 exd4 6. e5 d5 7. Bb5 Ne4 8. cxd4 Bb4+ 9. Nbd2 Bg4 10. 0-0 Nxd2 11. Bxd2 Bxf3 12. gxf3 Bxd2 13. Qxd2 0-0 14. Bxc6 bxc6 15. Rac1 Qd7 16. Qc3 Qf5 17. Kh1 Rab8 18. Rg1 Rb6 19. b3 f6 20. Rg3 fxe5 21. dxe5 a5 22. e6 g6 23. e7 Re8 24. Re1 Kf7 25. Qc5 h5 26. Re3 a4 27. Kg2 h4 28. Rg4 h3+ 29. Kg3 Kg7 30. Rxa4 Qg5+ 31. Rg4 Qf5 32. Qd4+ Kg8 33. Re5 Qf7 34. Rh5 Qg7 35. Qf4 Rxe7 36. Rhg5 c5 37. Qa4 1-0

[Event "Titled Tuesday intern op 07th Jan Early"]
[Site "Chess.com INT"]
[Date "2025.01.07"]
[Round "5"]
[White "Hansen, Soren Bech"]
[Black "Monteiro, Luis Felipe Furtado"]
[Result "1-0"]
[WhiteElo "2250"]
[BlackElo "1942"]
[PlyCount "109"]
[EventDate "2025.01.07"]
[EventType "swiss (blitz)"]
[EventRounds "11"]
[EventCountry "USA"]
[SourceTitle "CB03_2025"]
[SourceDate "2025.01.15"]
[SourceVersion "1"]
[SourceVersionDate "2025.01.15"]
[SourceQuality "1"]

1. e4 e5 2. Bc4 Nf6 3. d3 Nc6 4. Nf3 Bc5 5. 0-0 d6 6. a4 Bg4 7. c3 a6 8. Nbd2 Ba7 9. b4 h6 10. Re1 0-0 11. h3 Bh5 12. Nf1 Re8 13. Ng3 Bg6 14. Nh4 d5 15. exd5 Nxd5 16. Nxg6 fxg6 17. Qb3 Nce7 18. Rxe5 c6 19. Be3 Bxe3 20. Rxe3 b5 21. Bxd5+ Nxd5 22. Rxe8+ Qxe8 23. Ne4 Kh7 24. axb5 axb5 25. Rxa8 Qxa8 26. Qb2 Qa4 27. Qd2 Qa1+ 28. Kh2 g5 29. g3 Kg6 30. c4 Ne7 31. Qc3 Qf1 32. Qe5 Ng8 33. cxb5 cxb5 34. Qxb5 Nf6 35. Qb6 Qxd3 36. Nxf6 gxf6 37. Qc5 Qf3 38. b5 h5 39. b6 h4 40. g4 Qf4+ 41. Kg2 Qe4+ 42. f3 Qe2+ 43. Qf2 Qb5 44. Qc2+ Kh6 45. Qf2 Kg6 46. Kh2 Qe5+ 47. f4 gxf4 48. Qc2+ Kh6 49. Kg2 f3+ 50. Kxf3 Qg3+ 51. Ke4 Qxh3 52. Qd2+ Kg6 53. Qd3 Qh1+ 54. Kd4+ Kg7 55. Qb5 1-0

[Event "Jose de Freitas op 7th"]
[Site "Jose de Freitas"]
[Date "2024.07.14"]
[Round "5"]
[White "Monteiro, Luis Felipe Furtado"]
[Black "Amorim, Gidelson Ferreira"]
[Result "0-1"]
[WhiteElo "2009"]
[BlackElo "2089"]
[PlyCount "102"]
[EventDate "2024.07.13"]
[EventType "swiss"]
[EventRounds "5"]
[EventCountry "BRA"]
[SourceTitle "CBM 221 Extra"]
[Source "ChessBase"]
[SourceDate "2024.09.30"]
[SourceVersion "1"]
[SourceVersionDate "2024.09.30"]
[SourceQuality "1"]

1. c4 Nf6 2. d4 e6 3. Nf3 b6 4. a3 Bb7 5. Nc3 d5 6. e3 Bd6 7. cxd5 Nxd5 8. Bb5+ c6 9. Bd3 Nxc3 10. bxc3 Qc7 11. c4 Nd7 12. Bb2 c5 13. 0-0 0-0-0 14. e4 cxd4 15. c5 Nxc5 16. Nxd4 a6 17. Rc1 Kb8 18. Qe2 Ka7 19. Nb3 Qb8 20. Nxc5 Bxc5 21. a4 Bd4 22. Ba3 Qe5 23. Kh1 g5 24. Bb4 a5 25. Bd2 Bc5 26. Bc3 Bd4 27. Bd2 Rhg8 28. f4 gxf4 29. Bxf4 Qg7 30. Rc7 Rc8 31. Rfc1 Bc5 32. Rxb7+ Kxb7 33. Ba6+ Ka7 34. Bxc8 Rxc8 35. Rd1 Bd4 36. e5 f6 37. exf6 Qxf6 38. Qe4 e5 39. Qxh7+ Kb8 40. Bg3 Rf8 41. Qd3 Ka7 42. h3 Rg8 43. Rf1 Rxg3 44. Qh7+ Rg7 45. Rxf6 Rxh7 46. Re6 b5 47. axb5 Bc3 48. Kh2 Rb7 49. Ra6+ Kb8 50. b6 e4 51. Kg1 Rf7 0-1

[Event "Teresina-ch sf 2a"]
[Site "Teresina"]
[Date "2024.05.24"]
[Round "1"]
[White "Monteiro, Luis Felipe Furtado"]
[Black "Lima, Francisco Luciano"]
[Result "1-0"]
[WhiteElo "2002"]
[BlackElo "1752"]
[PlyCount "65"]
[EventDate "2024.05.24"]
[EventType "swiss"]
[EventRounds "5"]
[EventCountry "BRA"]
[SourceTitle "CBM 220 Extra"]
[Source "ChessBase"]
[SourceDate "2024.07.31"]
[SourceVersion "1"]
[SourceVersionDate "2024.07.31"]
[SourceQuality "1"]

1. e4 c5 2. Nf3 Nc6 3. Bb5 d6 4. Bxc6+ bxc6 5. b3 e5 6. Nc3 f5 7. exf5 Bxf5 8. Bb2 e4 9. Qe2 Qe7 10. Ng1 Nf6 11. h3 d5 12. g4 Bg6 13. Qa6 Qc7 14. 0-0-0 Bd6 15. g5 Nd7 16. f3 Bh5 17. Re1 Bg3 18. Rf1 0-0 19. fxe4 d4 20. Na4 Bd6 21. Ne2 Bf3 22. Qc4+ Kh8 23. Rhg1 Bh2 24. Nxc5 Bxg1 25. Nxg1 Nxc5 26. Qxc5 Qg3 27. Qxd4 Qxg5 28. Nxf3 Rad8 29. Rg1 Rxd4 30. Nxg5 Rd7 31. Ne6 Rff7 32. Nxg7 Kg8 33. Ne6+ 1-0

[Event "Titled Tuesday intern op 05th Dec Late"]
[Site "Chess.com INT"]
[Date "2023.12.05"]
[Round "9"]
[White "Ladan, Nicholas John"]
[Black "Monteiro, Luis Felipe Furtado"]
[Result "0-1"]
[WhiteElo "2254"]
[BlackElo "1978"]
[PlyCount "86"]
[EventDate "2023.12.05"]
[EventType "swiss (blitz)"]
[EventRounds "11"]
[EventCountry "USA"]
[SourceTitle "EXT 2025"]
[Source "ChessBase"]
[SourceDate "2024.10.14"]
[SourceVersion "1"]
[SourceVersionDate "2024.10.14"]
[SourceQuality "1"]

1. d4 Nf6 2. Nf3 d5 3. g3 c5 4. Bg2 Nc6 5. 0-0 g6 6. dxc5 Bg7 7. c3 a5 8. Nbd2 0-0 9. a4 Bg4 10. h3 Bxf3 11. Bxf3 e6 12. Nb3 Qe7 13. Bg2 Nd7 14. Be3 Rfc8 15. Qd3 Nce5 16. Qb5 Rc7 17. Nxa5 Nxc5 18. b4 Ne4 19. Bxe4 dxe4 20. Bc5 Qd7 21. Bd4 Nc6 22. Bxg7 Kxg7 23. Rfd1 Qe7 24. Nxb7 Rb8 25. a5 Rbxb7 26. Qa4 Qf6 27. a6 Rb6 28. b5 Na7 29. Qa5 Nc8 30. c4 Rxc4 31. Rac1 e3 32. Rxc4 Qxf2+ 33. Kh1 Qxe2 34. Qc3+ Kh6 35. Rh4+ Kg5 36. Qe5+ f5 37. Qf4+ Kf6 38. Rf1 Rd6 39. Rxh7 e5 40. Qh4+ Ke6 41. Rh6 Qxf1+ 42. Kh2 Qf2+ 43. Kh1 Rd1# 0-1

[Event "Titled Tuesday intern op 05th Dec Late"]
[Site "Chess.com INT"]
[Date "2023.12.05"]
[Round "11"]
[White "Monteiro, Luis Felipe Furtado"]
[Black "Minko, Dmitry"]
[Result "1-0"]
[WhiteElo "1978"]
[BlackElo "2247"]
[PlyCount "69"]
[EventDate "2023.12.05"]
[EventType "swiss (blitz)"]
[EventRounds "11"]
[EventCountry "USA"]
[SourceTitle "EXT 2025"]
[Source "ChessBase"]
[SourceDate "2024.10.14"]
[SourceVersion "1"]
[SourceVersionDate "2024.10.14"]
[SourceQuality "1"]

1. d4 d5 2. c4 e6 3. Nf3 Nf6 4. Nc3 Be7 5. Bg5 0-0 6. e3 Nbd7 7. Qc2 h6 8. Bh4 a6 9. cxd5 exd5 10. Bd3 c6 11. 0-0 Re8 12. a3 Ne4 13. Bxe7 Qxe7 14. b4 Nd6 15. Na4 b5 16. Nc5 Nxc5 17. Qxc5 f6 18. Qxc6 Be6 19. Rac1 Rec8 20. Qb6 Rcb8 21. Qc7 Qf8 22. Rc6 Rd8 23. Rfc1 Bf7 24. h3 Nc4 25. Bxc4 dxc4 26. Qf4 a5 27. Rc5 axb4 28. axb4 Rdb8 29. Nh4 g5 30. Qg3 Ra4 31. Nf5 Kh7 32. Rc7 Kg6 33. Qg4 h5 34. Qe4 Rxb4 35. Nd6+ 1-0

[Event "Titled Tuesday intern op 03rd Oct Early"]
[Site "Chess.com INT"]
[Date "2023.10.03"]
[Round "1"]
[White "Monteiro, Luis Felipe Furtado"]
[Black "Vovk, Orest"]
[Result "0-1"]
[WhiteElo "2029"]
[BlackElo "2315"]
[PlyCount "56"]
[EventDate "2023.10.03"]
[EventType "swiss (blitz)"]
[EventRounds "11"]
[EventCountry "USA"]
[SourceTitle "EXT 2025"]
[Source "ChessBase"]
[SourceDate "2024.10.14"]
[SourceVersion "1"]
[SourceVersionDate "2024.10.14"]
[SourceQuality "1"]

1. e4 g5 2. d4 g4 3. Nc3 Bg7 4. f4 c5 5. d5 Bxc3+ 6. bxc3 d6 7. c4 Nf6 8. Bd3 Qa5+ 9. Qd2 Qa4 10. Bb2 Rg8 11. e5 dxe5 12. fxe5 Nfd7 13. Bxh7 Rg5 14. 0-0-0 Rxe5 15. Bxe5 Nxe5 16. Qg5 Nxc4 17. Qg8+ Kd7 18. Bf5+ Kd6 19. Qd8+ Nd7 20. Rd2 Qa3+ 21. Kd1 Ne3+ 22. Ke2 Nxf5 23. h3 Ng3+ 24. Kd1 Nxh1 25. Qh8 Ne5 26. Qh6+ f6 27. Ne2 Nf2+ 28. Ke1 Ne4 0-1